000 00544nam a2200181 a 4500
005 20240612064059.0
008 010904s2001 r 000 0 eng d
020 _a9508921129
035 _aUPN01000110951
049 _aCG
050 4 _aBJ1518
_bB3.4
100 1 _aBaron, Zuli
245 1 0 _aDesenvolvimiento humano :
_bun programa escolar de investigación, reflexión en valores y aprendizaje-servicio /
_cZuli Baron.
260 _aBuenos Aires :
_bLugar,
_cc2001.
300 _a151 p.
650 4 _aEducación moral
_91396
905 _aLibro
999 _c84860
_d84860